<?xml version="1.0" encoding="UTF-8"?>
<record
    xmlns:xsi="http://www.w3.org/2001/XMLSchema-instance"
    xsi:schemaLocation="http://www.loc.gov/MARC21/slim http://www.loc.gov/standards/marcxml/schema/MARC21slim.xsd"
    xmlns="http://www.loc.gov/MARC21/slim">

  <leader>01717nam0a2200397   4500</leader>
  <controlfield tag="001">RU\NLR\bibl\386676</controlfield>
  <controlfield tag="005">20250622155328.0</controlfield>
  <datafield tag="010" ind1=" " ind2=" ">
    <subfield code="a">5-89308-085-8</subfield>
    <subfield code="9">1000</subfield>
  </datafield>
  <datafield tag="021" ind1=" " ind2=" ">
    <subfield code="a">RU</subfield>
    <subfield code="b">2002-68055</subfield>
    <subfield code="9">3294</subfield>
  </datafield>
  <datafield tag="035" ind1=" " ind2=" ">
    <subfield code="a">(NLR Aleph) 000381030</subfield>
  </datafield>
  <datafield tag="090" ind1=" " ind2=" ">
    <subfield code="a">455720</subfield>
    <subfield code="c">455720</subfield>
  </datafield>
  <datafield tag="100" ind1=" " ind2=" ">
    <subfield code="a">20030402d2002    |||y0rusy50      ca</subfield>
  </datafield>
  <datafield tag="101" ind1="0" ind2=" ">
    <subfield code="a">rus</subfield>
  </datafield>
  <datafield tag="102" ind1=" " ind2=" ">
    <subfield code="a">RU</subfield>
  </datafield>
  <datafield tag="105" ind1=" " ind2=" ">
    <subfield code="a">y   |||||||||</subfield>
  </datafield>
  <datafield tag="200" ind1="1" ind2=" ">
    <subfield code="a">&#x41E;&#x441;&#x43D;&#x43E;&#x432;&#x44B; &#x43E;&#x431;&#x443;&#x447;&#x435;&#x43D;&#x438;&#x44F; &#x433;&#x440;&#x430;&#x43C;&#x43E;&#x442;&#x435; &#x43F;&#x43E; "&#x410;&#x437;&#x431;&#x443;&#x43A;&#x435;" &#x438; "&#x41C;&#x43E;&#x438;&#x43C; &#x43F;&#x435;&#x440;&#x432;&#x44B;&#x43C; &#x442;&#x435;&#x442;&#x440;&#x430;&#x434;&#x43A;&#x430;&#x43C;"</subfield>
    <subfield code="e">&#x41C;&#x435;&#x442;&#x43E;&#x434;. &#x43F;&#x43E;&#x441;&#x43E;&#x431;&#x438;&#x435; &#x434;&#x43B;&#x44F; &#x443;&#x447;&#x438;&#x442;&#x435;&#x43B;&#x44F;</subfield>
    <subfield code="f">&#x41D;. &#x41C;. &#x411;&#x435;&#x442;&#x435;&#x43D;&#x44C;&#x43A;&#x43E;&#x432;&#x430;, &#x414;. &#x421;. &#x424;&#x43E;&#x43D;&#x438;&#x43D;</subfield>
  </datafield>
  <datafield tag="210" ind1=" " ind2=" ">
    <subfield code="a">&#x421;&#x43C;&#x43E;&#x43B;&#x435;&#x43D;&#x441;&#x43A;</subfield>
    <subfield code="c">&#x410;&#x441;&#x441;&#x43E;&#x446;. XXI &#x432;.</subfield>
    <subfield code="d">2002</subfield>
  </datafield>
  <datafield tag="215" ind1=" " ind2=" ">
    <subfield code="a">199,[1] &#x441;.</subfield>
    <subfield code="d">21</subfield>
  </datafield>
  <datafield tag="225" ind1="1" ind2=" ">
    <subfield code="a">&#x413;&#x430;&#x440;&#x43C;&#x43E;&#x43D;&#x438;&#x44F;</subfield>
  </datafield>
  <datafield tag="604" ind1=" " ind2=" ">
    <subfield code="1">700#1$a&#x411;&#x435;&#x442;&#x435;&#x43D;&#x44C;&#x43A;&#x43E;&#x432;&#x430;$b&#x41D;. &#x41C;.$4070</subfield>
    <subfield code="1">701#1$a&#x413;&#x43E;&#x440;&#x435;&#x446;&#x43A;&#x438;&#x439;$b&#x412;. &#x413;.$g&#x412;&#x441;&#x435;&#x441;&#x43B;&#x430;&#x432; &#x413;&#x430;&#x432;&#x440;&#x438;&#x43B;&#x43E;&#x432;&#x438;&#x447;$4070</subfield>
    <subfield code="1">701#1$a&#x424;&#x43E;&#x43D;&#x438;&#x43D;$b&#x414;. &#x421;.$4070</subfield>
    <subfield code="1">50000$a&#x410;&#x437;&#x431;&#x443;&#x43A;&#x430;$2psbo</subfield>
    <subfield code="a">&#x411;&#x435;&#x442;&#x435;&#x43D;&#x44C;&#x43A;&#x43E;&#x432;&#x430;, &#x41D;. &#x41C;.</subfield>
    <subfield code="t">&#x410;&#x437;&#x431;&#x443;&#x43A;&#x430;</subfield>
  </datafield>
  <datafield tag="606" ind1="0" ind2=" ">
    <subfield code="a">&#x413;&#x440;&#x430;&#x43C;&#x43E;&#x442;&#x430;</subfield>
    <subfield code="x">&#x41E;&#x431;&#x443;&#x447;&#x435;&#x43D;&#x438;&#x435;</subfield>
    <subfield code="x">&#x41C;&#x435;&#x442;&#x43E;&#x434;&#x438;&#x43A;&#x430;</subfield>
    <subfield code="x">&#x41D;&#x430;&#x447;&#x430;&#x43B;&#x44C;&#x43D;&#x430;&#x44F; &#x448;&#x43A;&#x43E;&#x43B;&#x430;</subfield>
    <subfield code="9">899559</subfield>
    <subfield code="3">RU\NLR\auth\66326834</subfield>
  </datafield>
  <datafield tag="610" ind1="0" ind2=" ">
    <subfield code="a">&#x413;&#x440;&#x430;&#x43C;&#x43E;&#x442;&#x430; - &#x41C;&#x435;&#x442;&#x43E;&#x434;&#x438;&#x43A;&#x430; &#x43E;&#x431;&#x443;&#x447;&#x435;&#x43D;&#x438;&#x44F;</subfield>
  </datafield>
  <datafield tag="610" ind1="0" ind2=" ">
    <subfield code="a">&#x420;&#x443;&#x441;&#x441;&#x43A;&#x438;&#x439; &#x44F;&#x437;&#x44B;&#x43A; - &#x41C;&#x435;&#x442;&#x43E;&#x434;. &#x43F;&#x43E;&#x441;&#x43E;&#x431;&#x438;&#x44F; &#x434;&#x43B;&#x44F; &#x43D;&#x430;&#x447;&#x430;&#x43B;&#x44C;&#x43D;&#x43E;&#x439; &#x448;&#x43A;&#x43E;&#x43B;&#x44B;</subfield>
  </datafield>
  <datafield tag="675" ind1=" " ind2=" ">
    <subfield code="a">373.3.016:811.161.1</subfield>
    <subfield code="v">3</subfield>
    <subfield code="z">rus</subfield>
  </datafield>
  <datafield tag="686" ind1=" " ind2=" ">
    <subfield code="a">14.23</subfield>
    <subfield code="2">rugasnti</subfield>
  </datafield>
  <datafield tag="686" ind1=" " ind2=" ">
    <subfield code="a">74.268.1&#x420;&#x443;&#x441;</subfield>
    <subfield code="2">rubbk</subfield>
  </datafield>
  <datafield tag="686" ind1=" " ind2=" ">
    <subfield code="a">&#x427;426.131(2)0</subfield>
  </datafield>
  <datafield tag="700" ind1=" " ind2="1">
    <subfield code="a">&#x411;&#x435;&#x442;&#x435;&#x43D;&#x44C;&#x43A;&#x43E;&#x432;&#x430;</subfield>
    <subfield code="b">&#x41D;. &#x41C;.</subfield>
    <subfield code="4">070</subfield>
  </datafield>
  <datafield tag="701" ind1=" " ind2="1">
    <subfield code="a">&#x424;&#x43E;&#x43D;&#x438;&#x43D;</subfield>
    <subfield code="b">&#x414;. &#x421;.</subfield>
    <subfield code="4">070</subfield>
  </datafield>
  <datafield tag="801" ind1=" " ind2="0">
    <subfield code="a">RU</subfield>
    <subfield code="b">RKP</subfield>
    <subfield code="c">20030402</subfield>
    <subfield code="g">PSBO</subfield>
  </datafield>
  <datafield tag="801" ind1=" " ind2="1">
    <subfield code="a">RU</subfield>
    <subfield code="b">RKP</subfield>
    <subfield code="c">20030402</subfield>
  </datafield>
  <datafield tag="801" ind1=" " ind2="2">
    <subfield code="a">RU</subfield>
    <subfield code="b">NLR</subfield>
    <subfield code="c">20030423</subfield>
    <subfield code="g">rcr</subfield>
  </datafield>
  <datafield tag="942" ind1=" " ind2=" ">
    <subfield code="c">BOOK</subfield>
  </datafield>
  <datafield tag="980" ind1=" " ind2=" ">
    <subfield code="a">NB</subfield>
  </datafield>
  <datafield tag="980" ind1=" " ind2=" ">
    <subfield code="a">NBR</subfield>
  </datafield>
  <datafield tag="995" ind1=" " ind2=" ">
    <subfield code="5">2003-04-08</subfield>
    <subfield code="a">ad</subfield>
    <subfield code="b">NLR01</subfield>
    <subfield code="c">NLR01</subfield>
    <subfield code="e">RF3</subfield>
    <subfield code="f">459168</subfield>
    <subfield code="k">2003-3/9360</subfield>
    <subfield code="o">0</subfield>
    <subfield code="r">BOOK</subfield>
    <subfield code="s">200339360_</subfield>
  </datafield>
  <datafield tag="995" ind1=" " ind2=" ">
    <subfield code="5">2003-04-08</subfield>
    <subfield code="a">ad</subfield>
    <subfield code="b">NLR01</subfield>
    <subfield code="c">NLR01</subfield>
    <subfield code="e">RF3</subfield>
    <subfield code="f">459169</subfield>
    <subfield code="k">2003-3/9360</subfield>
    <subfield code="o">0</subfield>
    <subfield code="r">BOOK</subfield>
    <subfield code="s">200339360_</subfield>
  </datafield>
</record>
